Vector mechanics for engineers : dynamics

Αποθηκεύτηκε σε:
Λεπτομέρειες βιβλιογραφικής εγγραφής
Κύριος συγγραφέας: Beer, Ferdinand P. (Ferdinand Pierre), 1915-2003
Άλλοι συγγραφείς: Johnston, E. Russell (Elwood Russell), 1925-2010
Μορφή: Βιβλίο
Γλώσσα:English
Δημοσίευση: Singapore : McGraw-Hill, c1990
Έκδοση:2nd ed.
Θέματα:
Ετικέτες: Προσθήκη ετικέτας
Δεν υπάρχουν, Καταχωρήστε ετικέτα πρώτοι!

MARC

LEADER 00000nam a2200000 i 4500
001 1/39808
008 950207s1990 eng d
020 |a 0-07-100455-6 
035 |a 1995  |c ΒΙΒΛΙΟΘΗΚΗ  |l 10041099 
040 |a GR-MY-UA  |b gre  |e aacr 
041 0 |a eng 
082 0 |a 620.105 
100 1 |a Beer, Ferdinand P.   |q (Ferdinand Pierre),   |d 1915-2003. 
245 1 0 |a Vector mechanics for engineers :  |b dynamics /  |c Ferdinand P. Beer and E. Russell Johnston 
250 |a 2nd ed. 
260 |a Singapore :   |b McGraw-Hill,   |c c1990 
300 |a 1054 p.;  |b ill.;  |c 24 cm. 
500 |a Includes index 
650 0 0 |a Mechanics, Applied. 
650 0 0 |a Vector analysis. 
650 0 0 |a Mechanics, Applied  |x Problems, Exercices, etc. 
700 1 |a Johnston, E. Russell   |q (Elwood Russell),   |d 1925-2010. 
852 |a INST  |b SAMOS  |e 19950207  |h 620.105 BEE  |p 005300006120  |q 005300006120  |t BK  |y 0 
909 |a Σ  |b 038671